000 00489nam a2200181Ia 4500
001 24550
005 20260414151051.0
008 260414t2011||||xx |||||||||||||| ||spa||
041 _aESP
082 _a345.721
_bA32A
100 _aDel Águila Ruiz de Somocurcio, Paolo
_eAUT
245 0 _aArbitraje :
_bprincipios, convenio arbitral y nulidad del laudo arbitral
260 _c2011
300 _a296 páginas :
_c24 cm.
650 _aDER
654 _aCDE
942 _cLIB
_dJUS
_fJUS
_2ddc
_n
999 _c24550
_d24550